System Software (Record no. 3689)
[ view plain ]
| 000 -LEADER | |
|---|---|
| fixed length control field | 00349nam a2200157Ia 4500 |
| 008 - FIXED-LENGTH DATA ELEMENTS--GENERAL INFORMATION | |
| fixed length control field | 191201s2009 xx 000 0 und d |
| 020 ## - INTERNATIONAL STANDARD BOOK NUMBER | |
| International Standard Book Number | 9788177585551 |
| 082 ## - DEWEY DECIMAL CLASSIFICATION NUMBER | |
| Classification number | 005.1 |
| Item number | BES |
| 100 ## - MAIN ENTRY--PERSONAL NAME | |
| Personal name | BECK, Leland L |
| 245 #0 - TITLE STATEMENT | |
| Title | System Software |
| 250 ## - EDITION STATEMENT | |
| Edition statement | 3rd |
| 260 ## - PUBLICATION, DISTRIBUTION, ETC. (IMPRINT) | |
| Place of publication, distribution, etc | N.Delhi |
| Name of publisher, distributor, etc | Pearson |
| Date of publication, distribution, etc | 2009 |
| 300 ## - PHYSICAL DESCRIPTION | |
| Extent | 495 |
| 650 ## - SUBJECT ADDED ENTRY--TOPICAL TERM | |
| Topical term or geographic name as entry element | MCA |
| 942 ## - ADDED ENTRY ELEMENTS (KOHA) | |
| Source of classification or shelving scheme | Dewey Decimal Classification |
| Koha item type | Text Books |
| Withdrawn status | Lost status | Source of classification or shelving scheme | Damaged status | Not for loan | Collection code | Home library | Current library | Date acquired | Source of acquisition | Cost, normal purchase price | Bill Number | Total Checkouts | Full call number | Acc. no. / Barcode | Date last seen | Bill Date | Koha item type |
|---|---|---|---|---|---|---|---|---|---|---|---|---|---|---|---|---|---|
| Dewey Decimal Classification | MCA | PIET C-LIBRARY | PIET C-LIBRARY | 22/12/2008 | J B C, New Delhi | 380.00 | SI-4665 | 005.1 BES | 10664 | 04/12/2019 | 13/12/2008 | Text Books | |||||
| Dewey Decimal Classification | MCA | PIET C-LIBRARY | PIET C-LIBRARY | 22/12/2008 | J B C, New Delhi | 380.00 | SI-4665 | 005.1 BES | 10665 | 04/12/2019 | 13/12/2008 | Text Books | |||||
| Dewey Decimal Classification | MCA | PIET C-LIBRARY | PIET C-LIBRARY | 22/12/2008 | J B C, New Delhi | 380.00 | SI-4665 | 005.1 BES | 10666 | 04/12/2019 | 13/12/2008 | Text Books | |||||
| Dewey Decimal Classification | MCA | PIET C-LIBRARY | PIET C-LIBRARY | 22/12/2008 | J B C, New Delhi | 380.00 | SI-4665 | 005.1 BES | 10667 | 04/12/2019 | 13/12/2008 | Text Books | |||||
| Dewey Decimal Classification | MCA | PIET C-LIBRARY | PIET C-LIBRARY | 22/12/2008 | J B C, New Delhi | 380.00 | SI-4665 | 005.1 BES | 10668 | 04/12/2019 | 13/12/2008 | Text Books | |||||
| Dewey Decimal Classification | MCA | PIET C-LIBRARY | PIET C-LIBRARY | 22/12/2008 | J B C, New Delhi | 380.00 | SI-4665 | 005.1 BES | 10669 | 04/12/2019 | 13/12/2008 | Text Books | |||||
| Dewey Decimal Classification | MCA | PIET C-LIBRARY | PIET C-LIBRARY | 22/12/2008 | J B C, New Delhi | 380.00 | SI-4665 | 005.1 BES | 10670 | 04/12/2019 | 13/12/2008 | Text Books | |||||
| Dewey Decimal Classification | MCA | PIET C-LIBRARY | PIET C-LIBRARY | 22/12/2008 | J B C, New Delhi | 380.00 | SI-4665 | 005.1 BES | 10671 | 04/12/2019 | 13/12/2008 | Text Books |